| 000 | 00000nas 2200000za 4500 |
| 001 | 9.813464 |
| 003 | CaOODSP |
| 005 | 20250919155155 |
| 007 | cr ||||||||||| |
| 008 | 060321c20149999qucar p o f0 a0eng|d |
| 040 | |aCaOODSP|beng |
| 043 | |an-cn--- |
| 086 | 1 |aCW71-8E-PDF |
| 110 | 2 |aNorth American Waterfowl Management Plan. |
| 245 | 10|aHabitat matters |h[electronic resource] : |b... Canadian NAWMP report. |
| 260 | |a[Gatineau, Quebec : |bEnvironment Canada], |c2014- |
| 310 | |aAnnual |
| 362 | 1 |aBegan with 2014. |
| 500 | |aIssued also in French under title: Habitats canadiens, rapport annuel du PNAGS ... |
| 550 | |aIssued 2014-2015 by NAWCC (Canada) Secretariat, Wetlands Office, Canadian Wildlife Service; issued 2016- by NAWCC (Canada) Secretariat, Canadian Wildlife Service, Environment and Climate Change Canada. |
| 690 | 07|aAquatic birds|2gcpds |
| 690 | 07|aEnvironmental conservation|2gcpds |
| 710 | 1 |aCanada. |bEnvironment Canada. |
| 710 | 1 |aCanada. |bEnvironment and Climate Change Canada. |
| 710 | 2 |aNorth American Wetlands Conservation Council (Canada) |
| 775 | 08|tHabitats canadiens |w(CaOODSP)9.813466 |
| 780 | 00|tCanadian habitat matters, annual report |w(CaOODSP)9.507794 |